1570 1249 1468 1007 1349 1508 1858 1950 1393 1538 1226 1176 1348 1230 1361 1025 1790 1041 1139 1273 1224 1884 1366 1664 1813 1551 1070 1599 1729 1593 1416 1020 1893 1463 1110 1521 1516 1418 1237 1642 1283 1089 1919 1773 1517 1737 1985 1138 1820 1910 1336 1265 1835 1734 1765 1122 1568 1401 1900 1133 1539 1350 1628 1400 1089 1377 1741 1277 1325 1649 1387 1137 1983 1442 1712 1299 1446 1775 1137 1522 1485 1652 1541 1801 1941 1956 1220 1283 1631 1085 1300 1594 1034 1821 1543 1398 1241 1253 1979 BCNSPRNW ULIB Ver.6.0+V

เปลี่ยนเป็นภาษาไทย

Change to English
 แสดงรายละเอียดบรรณานุกรม
  กลับหน้าหลัก

Brief Record : Get Marc (ISO 2709) : E-mail record : QR code < ปิดหน้าต่าง
LEADER : 00000nam 2200000uu 4500
001    13399122013
003     ULIB
008    121219s2555||||th 000 0 tha d
020    978616112646
060  4 WY29^bส435ม
110 1  สภาการพยาบาล
245 00 มาตรฐานกำหนดตำแหน่งสายงานพยาบาล^cสภาการพยาบาล
260    นนทบุรี:^bสภาการพยาบาลกระทรวงสาธารณสุข,^c2555
300    115 หน้า
650  0 พยาบาล^xการจำแนกตำแหน่ง
945    ^p0^l0^i033228
945    ^p0^l0^i033229
995    เกษร
999    ^aใช้งานได้ทุกระบบ
รายการนี้ยังไม่มีแท็ก
คุณยังไม่ได้ล็อกอิน คุณสามารถมีกิจกรรมร่วมกับเว็บไซต์ได้ แต่ต้องล็อกอินก่อน ::
  ล็อกอิน

รายการสื่อสารสนเทศ

ลำดับที่ ประเภท เลขเรียก/บาร์โค้ด สถานที่ สถานะ
1. Book การพยาบาล
หนังสือสำรอง
สถานะ=หนังสือสำรอง
WY29 ส435ม ฉ.1 
  Barcode: 033228
ห้องสมุดวิทยาเขตสวรรค์ประชารักษ์
►ส่วนจัดเก็บหนังสือเก่า สปร
บนชั้น
  ขอยืม
2. Book การพยาบาล
Book การพยาบาล
WY29 ส435ม ฉ.2 
  Barcode: 033229
ห้องสมุดวิทยาเขตสวรรค์ประชารักษ์
►ส่วนจัดเก็บหนังสือเก่า สปร
บนชั้น
  ขอยืม

BibComment


ยังไม่เคยถูกคอมเมนท์

คอมเมนท์ทรัพยากรรายการนี้
  คอมเมนท์: มาตรฐานกำหนดตำแหน..


 Copyright 2026. Bcnsprnw @Library